[Event "Canadian op"]
[Site "Edmonton"]
[Date "2009.07.18"]
[Round "8"]
[White "Fokkema, Jerred"]
[Black "Long, Hugh"]
[Result "1-0"]
[WhiteElo "1864"]
[BlackElo "1672"]
[PlyCount "111"]
[EventDate "2009.07.11"]
[EventType "swiss"]
[EventRounds "9"]
[EventCountry "CAN"]
[SourceTitle "CBM 132 Extra"]
[Source "ChessBase"]
[SourceDate "2009.11.03"]
[SourceVersion "1"]
[SourceVersionDate "2009.11.03"]
[SourceQuality "1"]

1. e4 d5 2. exd5 Nf6 3. d4 Nxd5 4. c4 Nf6 5. Nf3 Bg4 6. Be2 e6 7. 0-0 Be7 8. Nc3 0-0 9. Be3 c6 10. Qc2 Nbd7 11. Rad1 Qc7 12. Bg5 Nb6 13. b3 Rfd8 14. Bh4 Nbd7 15. c5 Nf8 16. Bg3 Qc8 17. Ne5 Bf5 18. Bd3 Bxd3 19. Rxd3 Nh5 20. Ne2 Nxg3 21. fxg3 f6 22. Nf3 Ng6 23. Re3 b6 24. Qc4 bxc5 25. dxc5 Rd5 26. b4 a5 27. a3 axb4 28. axb4 Nf8 29. Nf4 Rd8 30. Nxe6 Nxe6 31. Qxe6+ Qxe6 32. Rxe6 Bf8 33. Rxc6 Rab8 34. Rb1 Rd5 35. b5 Rxc5 36. Rxc5 Bxc5+ 37. Kf1 Kf8 38. Ke2 Ke8 39. Kd3 Kd7 40. Kc4 Bd6 41. Nd4 Rb6 42. Ra1 Rb7 43. Ra6 Be5 44. Nc6 Rc7 45. Ra7 Rxa7 46. Nxa7 Kc7 47. Nc6 Bd6 48. Nd4 Kb6 49. Ne6 g6 50. Nf4 Be5 51. Nd5+ Kb7 52. Kc5 g5 53. g4 Bb2 54. h3 Ba3+ 55. Kd4 Bb2+ 56. Ke4 1-0

[Event "Edmonton CC op"]
[Site "Edmonton"]
[Date "2006.01.12"]
[Round "1"]
[White "Gardner, Robert"]
[Black "Fokkema, Jerred"]
[Result "1-0"]
[WhiteElo "2265"]
[BlackElo "1768"]
[PlyCount "45"]
[EventDate "2006.01.12"]
[EventType "swiss"]
[EventRounds "4"]
[EventCountry "CAN"]
[SourceTitle "EXT 2007"]
[Source "ChessBase"]
[SourceDate "2006.11.23"]
[SourceVersion "1"]
[SourceVersionDate "2006.11.23"]
[SourceQuality "1"]

1. d4 d5 2. c4 e6 3. Nc3 Nf6 4. Nf3 Be7 5. cxd5 exd5 6. Bg5 0-0 7. e3 Bf5 8. Bd3 Bxd3 9. Qxd3 c6 10. 0-0 Nbd7 11. a3 Re8 12. b4 a5 13. b5 c5 14. dxc5 Nxc5 15. Qf5 Rc8 16. Bxf6 Bxf6 17. Nxd5 Bxa1 18. Ng5 Qxg5 19. Qxg5 Re5 20. Qg4 Rd8 21. Nf6+ Kh8 22. Qh4 h6 23. Rxa1 1-0

[Event "Canadian op"]
[Site "Edmonton"]
[Date "2005.07.16"]
[Round "9"]
[White "Vincent, Trevor"]
[Black "Fokkema, Jerred"]
[Result "1-0"]
[WhiteElo "2000"]
[BlackElo "1773"]
[PlyCount "97"]
[EventDate "2005.07.09"]
[EventType "swiss"]
[EventRounds "10"]
[EventCountry "CAN"]
[SourceTitle "CBM 107 Extra"]
[Source "ChessBase"]
[SourceDate "2005.09.01"]
[SourceVersion "1"]
[SourceVersionDate "2005.09.01"]
[SourceQuality "1"]

1. c4 e6 2. g3 d5 3. Bg2 Nf6 4. Nf3 c5 5. cxd5 exd5 6. d4 Nc6 7. 0-0 Bd6 8. dxc5 Bxc5 9. Bg5 Be6 10. Qc2 Be7 11. Nc3 0-0 12. Rfd1 h6 13. Be3 a6 14. Rac1 Rc8 15. Qa4 Nb4 16. Nd4 b5 17. Qb3 Nc6 18. Nxc6 Rxc6 19. Nxd5 Rxc1 20. Bxc1 Bc5 21. e4 Kh8 22. Be3 Bxe3 23. Qxe3 Re8 24. Qa3 a5 25. Qc5 b4 26. Bf3 Nd7 27. Qc7 Qxc7 28. Nxc7 Re7 29. Nxe6 fxe6 30. Be2 Kg8 31. Rd6 Nc5 32. e5 Na4 33. Rd2 Kf7 34. f4 Rc7 35. Kf2 Nc5 36. Ke3 Ke7 37. b3 a4 38. Rc2 axb3 39. axb3 Kd7 40. Bc4 Ra7 41. Kd4 Nb7 42. Bb5+ Kd8 43. Kc4 Ke7 44. Kxb4 Nd8 45. Rd2 Rb7 46. Kc5 Rc7+ 47. Kb6 Rb7+ 48. Ka6 Rc7 49. b4 1-0

[Event "Canadian op"]
[Site "Edmonton"]
[Date "2005.07.13"]
[Round "6"]
[White "Fokkema, Jerred"]
[Black "Mandic, Slaven"]
[Result "0-1"]
[WhiteElo "1773"]
[BlackElo "1970"]
[PlyCount "92"]
[EventDate "2005.07.09"]
[EventType "swiss"]
[EventRounds "10"]
[EventCountry "CAN"]
[SourceTitle "CBM 107 Extra"]
[Source "ChessBase"]
[SourceDate "2005.09.01"]
[SourceVersion "1"]
[SourceVersionDate "2005.09.01"]
[SourceQuality "1"]

1. e4 d6 2. d4 Nf6 3. Nc3 g6 4. f4 Bg7 5. Nf3 c5 6. Bd3 cxd4 7. Nxd4 Nc6 8. Nxc6 bxc6 9. 0-0 Qb6+ 10. Kh1 0-0 11. Na4 Qa5 12. c4 Rb8 13. Bd2 Qc7 14. Bc3 Bd7 15. e5 dxe5 16. Bxe5 Qa5 17. Bxb8 Rxb8 18. Qc2 c5 19. Nc3 Ng4 20. Rfb1 Bd4 21. h3 Nf2+ 22. Kh2 Nxd3 23. Qxd3 Bf5 24. Ne4 Qc7 25. Rf1 Rxb2 26. Qf3 Qc6 27. Ng5 Qa4 28. Qd5 Qe8 29. Nf3 Be6 30. Qe4 Bxc4 31. Rfc1 f5 32. Qe1 Bd5 33. Qd1 Qb8 34. Rxc5 Qxf4+ 35. Kh1 Bxf3 36. Rc8+ Kf7 37. Qxf3 Qxf3 38. gxf3 Rd2 39. Rd8 e5 40. a4 f4 41. Rb1 Kf6 42. h4 Ra2 43. Rb4 g5 44. Rd6+ Kf5 45. hxg5 Kxg5 46. Rd5 Kh4 0-1

[Event "Canadian op"]
[Site "Edmonton"]
[Date "2005.07.11"]
[Round "4"]
[White "Fokkema, Jerred"]
[Black "Corsmeier, Tom"]
[Result "1-0"]
[WhiteElo "1773"]
[BlackElo "1598"]
[PlyCount "83"]
[EventDate "2005.07.09"]
[EventType "swiss"]
[EventRounds "10"]
[EventCountry "CAN"]
[SourceTitle "CBM 107 Extra"]
[Source "ChessBase"]
[SourceDate "2005.09.01"]
[SourceVersion "1"]
[SourceVersionDate "2005.09.01"]
[SourceQuality "1"]

1. e4 e6 2. d4 d5 3. Nc3 c5 4. exd5 exd5 5. Nf3 Nf6 6. Bb5+ Nc6 7. 0-0 Be7 8. dxc5 Bxc5 9. Re1+ Be7 10. Qe2 Be6 11. Nd4 Bd7 12. Bxc6 bxc6 13. Bf4 Kf8 14. Be5 Bb4 15. Rad1 Bxc3 16. bxc3 Ne4 17. c4 f6 18. Qf3 Kg8 19. Bg3 h5 20. h3 Qa5 21. cxd5 cxd5 22. a3 Rc8 23. Nf5 Bxf5 24. Qxf5 Rd8 25. Rxe4 dxe4 26. Qxa5 Rxd1+ 27. Kh2 Rd7 28. Bb8 Kf7 29. Bf4 g5 30. Bxg5 Re8 31. Bf4 Kg6 32. c4 Rc8 33. c5 Rd5 34. Bd6 Ra8 35. Qc7 Rf5 36. Qb7 Re8 37. c6 Rxf2 38. c7 e3 39. c8Q Rxc8 40. Qxc8 e2 41. Bb4 f5 42. Be1 1-0

[Event "Canadian op"]
[Site "Edmonton"]
[Date "2005.07.10"]
[Round "2"]
[White "Fokkema, Jerred"]
[Black "Roberts, Richard"]
[Result "1-0"]
[WhiteElo "1773"]
[BlackElo "1533"]
[PlyCount "87"]
[EventDate "2005.07.09"]
[EventType "swiss"]
[EventRounds "10"]
[EventCountry "CAN"]
[SourceTitle "CBM 107 Extra"]
[Source "ChessBase"]
[SourceDate "2005.09.01"]
[SourceVersion "1"]
[SourceVersionDate "2005.09.01"]
[SourceQuality "1"]

1. e4 c5 2. Nf3 Nc6 3. d4 cxd4 4. Nxd4 Nf6 5. Nc3 e5 6. Ndb5 d6 7. Bg5 h6 8. Bxf6 gxf6 9. Nd5 Be6 10. Nbc7+ Kd7 11. Nxa8 Qxa8 12. Nxf6+ Ke7 13. Nd5+ Bxd5 14. Qxd5 Nb4 15. Qd2 Nc6 16. 0-0-0 Qb8 17. Bc4 Bg7 18. Qd5 Rf8 19. c3 Nd8 20. Rd3 Ne6 21. Rhd1 Rd8 22. Rf3 Bf6 23. Kb1 a6 24. Qd2 Bg5 25. Qd5 Bf6 26. Rf5 b5 27. Bb3 a5 28. Rd3 a4 29. Rdf3 axb3 30. Rxf6 bxa2+ 31. Qxa2 Rf8 32. Qxe6+ fxe6 33. Rxf8 Qxf8 34. Rxf8 Kxf8 35. Kc2 d5 36. exd5 exd5 37. f3 h5 38. g3 Ke7 39. Kd3 Ke6 40. b3 Kf5 41. Ke3 Ke6 42. f4 Kf5 43. fxe5 Kxe5 44. h3 1-0

[Event "University of Alberta op"]
[Site "Edmonton"]
[Date "2005.05.08"]
[Round "4"]
[White "Reuter, Gerhard"]
[Black "Fokkema, Jerred"]
[Result "0-1"]
[WhiteElo "1823"]
[BlackElo "1739"]
[PlyCount "52"]
[EventDate "2005.05.07"]
[EventType "swiss"]
[EventRounds "5"]
[EventCountry "CAN"]
[SourceTitle "CBM 106 Extra"]
[Source "ChessBase"]
[SourceDate "2005.07.01"]
[SourceVersion "1"]
[SourceVersionDate "2005.07.01"]
[SourceQuality "1"]

1. Nf3 Nc6 2. e4 e5 3. Bc4 Bc5 4. c3 Nf6 5. d3 h6 6. b4 Be7 7. b5 Na5 8. Nxe5 Nxc4 9. Nxc4 d5 10. Ncd2 dxe4 11. dxe4 Qd3 12. Qe2 Qxe2+ 13. Kxe2 Bd7 14. a4 0-0-0 15. Ba3 Bxa3 16. Nxa3 Rhe8 17. f3 Nd5 18. Nab1 Nf4+ 19. Kf2 f5 20. Ra2 Be6 21. Rc2 fxe4 22. fxe4 Nd3+ 23. Kg3 Nc5 24. c4 Rd3+ 25. Kf4 Rf8+ 26. Ke5 Bg4 0-1

[Event "Edmonton op10"]
[Site "Edmonton"]
[Date "2003.10.11"]
[Round "2"]
[White "Asquith, Tom"]
[Black "Fokkema, Jerred"]
[Result "1-0"]
[WhiteElo "1653"]
[BlackElo "1331"]
[PlyCount "45"]
[EventDate "2003.10.11"]
[EventType "swiss"]
[EventRounds "6"]
[EventCountry "CAN"]
[SourceTitle "EXT 2008"]
[Source "ChessBase"]
[SourceDate "2007.11.25"]
[SourceVersion "1"]
[SourceVersionDate "2007.11.25"]
[SourceQuality "1"]

1. c4 e5 2. g3 Nf6 3. Bg2 c6 4. Nc3 d5 5. cxd5 cxd5 6. Qb3 e4 7. Nh3 b6 8. 0-0 Be6 9. Nf4 Qd7 10. Nxe6 Qxe6 11. Nb5 Qd7 12. d3 exd3 13. Qxd3 Be7 14. Rd1 Nc6 15. a3 Ne5 16. Qb3 Rd8 17. Bf4 Bd6 18. Bxd5 Nxd5 19. Rxd5 Qe7 20. Rad1 0-0 21. Nxd6 Ng6 22. Bg5 f6 23. Re5+ 1-0

[Event "Alberta-ch Juniors"]
[Site "Red Deer"]
[Date "2002.11.03"]
[Round "5"]
[White "Culjaga, Ivan"]
[Black "Fokkema, Jerred"]
[Result "1/2-1/2"]
[WhiteElo "1075"]
[BlackElo "1046"]
[PlyCount "60"]
[EventDate "2002.11.02"]
[EventType "swiss"]
[EventRounds "5"]
[EventCountry "CAN"]
[SourceTitle "EXT 2017"]
[Source "ChessBase"]
[SourceDate "2016.10.25"]
[SourceVersion "1"]
[SourceVersionDate "2016.10.25"]
[SourceQuality "1"]

1. e4 e5 2. Nf3 Nc6 3. Bb5 Bc5 4. Bxc6 dxc6 5. Nxe5 Qd4 6. Nd3 Qxe4+ 7. Qe2 Qxe2+ 8. Kxe2 Bb6 9. b3 Bf5 10. Bb2 f6 11. Re1 0-0-0 12. Nc3 Nh6 13. Na4 Rhe8+ 14. Kd1 Rxe1+ 15. Kxe1 Bxd3 16. cxd3 Rxd3 17. Nxb6+ cxb6 18. Ke2 Rd5 19. Re1 Ng4 20. h3 Nxf2 21. Kxf2 Rxd2+ 22. Kg1 Rxb2 23. Re7 Rxa2 24. Rxg7 Ra1+ 25. Kh2 Rb1 26. Rxh7 Rxb3 27. Rh8+ Kc7 28. Rh7+ Kc8 29. Rh8+ Kd7 30. Rh7+ Kc8 1/2-1/2